000 01144cab a22002175a 4500
001 L149298
008 e2010 xxk 000 0 eng d
035 _a(Sirsi) u149298
041 0 _aeng
100 1 _aChilton, Michael
245 0 0 _aWhat are design obligations in construction contracts
_h[electronic resource]
260 _c2010
490 _aConstruction Journal
_vFeb-Mar 2010, 11-12(2)
520 _aReviews the design obligations and liabilities and differences between the liability of a contractor under a building contract and that of a professional designer under an appointment. The designer has an obligation implied by section 13 of the Supply of Goods and Services Act 1982. This essentially means that a designer will only be liable if it can be proved that he is professionally negligent.
590 _aKA
650 2 4 _aSUPPLY OF GOODS AND SERVICES ACT 1982
651 4 _aUnited Kingdom
_y
690 _aMANAGEMENT-PROJECT MANAGEMENT-CONTRACT ADMINISTRATION
856 4 8 _uhttps://www.rics.org/site/download_feed.aspx?fileID=5762&fileExtension=PDF
_zView this item (member-only access) at www.rics.org
942 _n0
999 _c82117
_d82117